00521nam a2200193 a 4500001001300000003000900013005001700022008004100039020000900080082001600089100002900105245004300134260004800177300001000225500003500235505001000270650001800280700002900298nice12345678IN_TiNIC20260116013625.0050524s1989 dela grp 000 0 urd  ac2400a297.09bQAS aQasmi, Mohammad Sulaiman aMukhtasar Tareekh-E-Khilafat-E-Rashida aDelhibMarkazi Maktaba Jamat-E-Islamic1989 a180p. aincludes index and biblioraphy2 aIndex aIslam-History1 aQasmi, Mohammad Sulaiman